Historia, derecho y sociedad con perspectiva de gňero

Bibliographic Details
Main Author: Espuny Toms̀, Mara̕ Jess︢
Other Authors: Velo i Fabregat, Elisabet
Format: eBook
Language:Spanish
Published: Madrid: Dykinson, 2020
Subjects:
Online Access:Acceso restringido

MARC

LEADER 00000nam a22000007a 4500
005 20201029221340.0
007 cr|||| ||||
008 201029s2020 es |||||s|||| 00||0 spa d
020 |a 978-84-1377-005-5 
035 |a 32281 
040 |a vLex 
090 |c 10812  |d 10812 
100 1 |a Espuny Toms̀, Mara̕ Jess︢ 
245 1 0 |a Historia, derecho y sociedad con perspectiva de gňero  |h [Recurso electrn̤ico] /  |c Mara̕ Jess︢ Espuny Toms̀, Elisabet Velo i Fabregat 
256 |a Servicio en ln̕ea 
260 |a Madrid:  |b Dykinson,  |c 2020 
300 |a 1 recurso electrn̤ico 
500 |a Los artc̕ulos que se recogen en esta obra son el resultado de una experiencia docente en el Ms̀ter Interuniversitario de Mujeres, Gňero y Ciudadana̕ del curso 2019-2020. Nuestras estudiantes procedentes de universidades espaǫlas, de Chile y de Colombia han propiciado una investigacin̤ con perspectiva de gňero en el marco de la asignatura “Historia de las relaciones laborales” en aspectos muy significativos sobre la influencia de la mujer espaǫla y catalana fuera de nuestras fronteras, precisamente en Chile y en Colombia. La transversalidad de conocimientos justifica los tres conceptos del tt̕ulo: Historia, Derecho y Sociedad. Las mujeres que han convertido en las protagonistas de sus estudios superaron muchos de los inconvenientes jurd̕icos y sociales de etapas anteriores. Sus distintas nacionalidades no son impedimentos en la lucha para que la mujer, su formacin̤ y su trabajo recibieran una consideracin̤ social ms̀ all ̀de las tareas domšticas y de cuidado. Los inicios y la transformacin̤ del derecho no pueden limitarse al estricto m̀bito normativo porque el derecho en cada etapa histr̤ica ordena unas relaciones sociales, defiende unos intereses y utiliza unos criterios de valoracin̤. La aproximacin̤ a la normativa responde a la ideologa̕ dominante en cada momento, a los problemas sociales y polt̕icos y a su repercusin̤ en la sociedad. El confinamiento en nuestros domicilios a causa de la pandemia mundial provocada por el Covid-19, ha hecho el resto. La docencia en el Ms̀ter Interuniversitario de Mujeres, Gňero y Ciudadana̕ del curso 2019-2020, ha ido ms̀ all ̀del confinamiento: el interš y el entusiasmo de las alumnas lo han hecho posible. El compromiso del Centro de Estudios y de Investigacin̤ “Mujeres y Derechos” (Dones i Drets) de la Facultad de Derecho de la Universidad Autṇoma de Barcelona y la colaboracin̤ indispensable de la coordinacin̤ del Ms̀ter Interuniversitario de Mujeres, Gňero y Ciudadana̕ han dado como resultado la edicin̤ de esta publicacin̤. 
506 1 |a Disponible solo en los productos indicados  |d vLex Global  |d vLex Global (Academic Edition, excluding Law Schools)  |d vLex Global (U.S. Academic Edition, Law Schools)  |d vLex Global (U.S. Academic Edition, excluding Law Schools)  |d vLex Global (Academic Edition, Law Schools) 
650 0 4 |a Derecho Militar  |z Espaą 
700 1 |a Velo i Fabregat, Elisabet 
740 0 |a vLex Libros (Servicio en ln̕ea) 
856 4 0 |u http://vlex.com/source/historia-derecho-y-sociedad-con-perspectiva-de-genero-32281  |z Acceso restringido 
942 |c BOOK 
999 0 |a Military Law